Giá trong chiến lược kinh doanh : Đắt mà bán chạy, rẻ mà có lãi
Sách giới thiệu cho bạn đọc mối quan hệ giữa chiến lược kinh doanh, chiến lược marketing, hình thức kinh doanh và chính sách về giá cả.
Đã lưu trong:
| 主要作者: | |
|---|---|
| 其他作者: | |
| 格式: | 圖書 |
| 語言: | Vietnamese |
| 出版: |
H.
Thanh niên
2019
|
| 版: | In lần thứ 2 |
| 主題: | |
| 標簽: |
添加標簽
沒有標簽, 成為第一個標記此記錄!
|
| Thư viện lưu trữ: | Thư viện Trường Đại học Nam Cần Thơ |
|---|
| LEADER | 01080nam a22002177a 4500 | ||
|---|---|---|---|
| 001 | NCT_81833 | ||
| 008 | 200615b xxu||||| |||| 00| 0 vie d | ||
| 999 | |c 4021 |d 4021 | ||
| 020 | |a 9786049812941 |c 75000 | ||
| 082 | 0 | 4 | |2 23rd ed. |a 658.85 |b S474 |
| 100 | 1 | |a Senga, Hidenobu | |
| 245 | 1 | 0 | |a Giá trong chiến lược kinh doanh : |b Đắt mà bán chạy, rẻ mà có lãi |c Hidenobu Senga ; Nguyễn Nhật Linh ( dịch) |
| 250 | |a In lần thứ 2 | ||
| 260 | |a H. |b Thanh niên |c 2019 | ||
| 300 | |a 227 tr. |b minh họa |c 21cm | ||
| 520 | 3 | |a Sách giới thiệu cho bạn đọc mối quan hệ giữa chiến lược kinh doanh, chiến lược marketing, hình thức kinh doanh và chính sách về giá cả. | |
| 653 | |a Quản trị kinh doanh | ||
| 700 | 1 | |a Nguyễn Nhật Linh |e Dịch | |
| 942 | |2 ddc |c BK | ||
| 952 | |0 0 |1 0 |2 ddc |4 0 |6 658_850000000000000_S474 |7 0 |9 19839 |a 000001 |b 000001 |d 2020-06-15 |o 658.85 S474 |p MD.17207 |r 2020-06-15 |v 75000.00 |w 2020-06-15 |y BK | ||
| 980 | |a Thư viện Trường Đại học Nam Cần Thơ | ||


